MDQL
is popping MORE tags! Check the
thread
!
Quizzes
Events
Quiz Creation
Community
Videos
Private Events
Remove Ads
Sign In
Join for FREE
Feedback
Dark Mode
Quiz Categories
Sports
Geography
Music
Movies
Television
Just For Fun
Miscellaneous
History
Literature
Language
Science
Gaming
Entertainment
Religion
Holiday
For Kids
Quiz Lab
Recent
Popular Today
Quiz Kudos Today
Editor Picks
Curator Picks
Quizzes by...
Day
Popularity
Type
Ratings
Length
Year
Community
Subscriptions
Recent Discussions
Orange Saloon
Badges
Playlists
Quests
Create
Leaderboards
Showdown
Live 5
Trivia Bingo
Activity
Puzzle Library
Sporcle Events
Private Events
Virtual Trivia
Globe League
Become a Host
Pub Owners
SporcleCon
Opinionation
Our Games
Videos
Blog
Mobile Apps
Partnerships
Remove Ads and Go Orange
Feedback
Language
Vocabulary
Begins and Ends
Definition
Spanish
French
German
Italian
Chinese
Latin
Translation
Japanese
Language
Vocabulary
Begins and Ends
Definition
Spanish
French
German
Italian
Chinese
Latin
Translation
Japanese
Random Quiz
Search Sporcle
×
Quiz Lab
Quiz Lab
Language
Latin
Type in answers that appear in a list
Type in answers that appear in a list
Classic
Best Score? Go Orange.
Latin: Passive Voice of laudo Stats
Can you name the Latin: Passive Voice of laudo?
By
waterm_elon
90s
18 Questions
84 Plays
84 Plays
84 Plays
Comments
Comments
Give Quiz Kudos
Give Quiz Kudos
-
- Ratings
hide this ad
Forced Order
Answers have to be entered in order
Answers have to be entered in order
Minefield
Wrong answers will end the quiz
Wrong answers will end the quiz
Wrong Answers
Some wrong answers will appear in red
Some wrong answers will appear in red
Replay
Link that replays current quiz
Next Quiz
Link to next quiz in quiz playlist
You Got
0%
They Got
Avg Score
39%
Avg Friend Score
Upgrade to see
Score Distribution
Jump to the score distribution portion of the page
Score
0/18
Timer
01:30
0
Plays Today
Hint
Answer
% Correct
First Person, Singular, Present )
???
96.4%
Third Person, Singular, Present
???
88.1%
Second Person, Plural, Present
???
88.1%
First Person, Plural, Present
???
86.9%
Second Person, Singular, Present
???
85.7%
First Person, Singular, Imperfect
???
53.6%
Second Person, Singular, Imperfect
???
52.4%
Third Person, Singular, Imperfect
???
52.4%
Second Person, Plural, Imperfect
???
29.8%
Hint
Answer
% Correct
Third Person, Plural, Imperfect
???
22.6%
First Person, Singular, Future
???
17.9%
Second Person, Singular, Future
???
11.9%
Third Person, Singular, Future
???
4.8%
First Person, Plural, Future
???
4.8%
Second Person, Plural, Future
???
3.6%
Third Person, Plural, Present
???
2.4%
Third Person, Plural, Future
???
2.4%
First Person, Plural, Imperfect
???
1.2%
Quiz Playlist
Details
Report
Send in Message
Add To Playlist
Classic:
Type in answers that appear in a list
Forced Order:
Answers have to be entered in order
Minefield:
Wrong answers will end the quiz
Wrong Answers:
Some wrong answers will appear in red
Last Updated: Feb 16, 2017
Quiz Scoreboard
CHALLENGE
Sign Up to Join the Scoreboard
Show All
Scores
Hide
Comments
May contain spoilers
Recently Published
5x2 Blitz: Bands
by SL_Kpop136
Music
30s
Colored Red Africa Blitz
by spor1
Geography
30s
Find the 'City' Movie
by crazypaving
Movies
60s
More to Explore
Quiz From the Vault
Featured Blog Post
14 Easter Pick-up Lines to Find Eggs With
hide this ad
You Might Also Like...
Tags
Latin Quiz
Cambridge Latin
conjugate
Conjugating
conjugation
Jenny Latin
Verb
Today's Top Quizzes in Language
Browse Language
hide this ad
Today's Top Quizzes in Latin
Browse Latin
Top Contributed Quizzes in Language
1
1-10 Letter F Words III
2
1-10 Letter G Words III
3
1-10 Letter H Words III
4
1-10 Letter I Words III
5
1-10 Letter K Words III
6
1-10 Letter L Words III
7
1-10 Letter M Words III
8
1-10 Letter J Words III
9
1-10 Letter N Words III
10
Greek Alphabet Match
Explore More
Trending Topics
Marvel
Kpop
Disney
Anime
Harry Potter
Crossword
NBA
The Office
Song
WWE
Country
Puzzle
Soccer
NFL
Pokémon
hide this ad
More By:
waterm_elon
Quiz
Plays
Rating
Category
Featured
Created
Wheelock's Latin Chapter 26 Vocab
153
Language
Sep 24, 2015
Latin: Passive Voice of laudo
84
Language
May 5, 2015
Go to Creator's Profile
Score Distribution
Quiz Creator Spotlight
waterm_elon
Follow
Send a Message
Quizzes Created
-
Created Quiz Play Count
-
More By This Creator
Popular Quizzes Today
1
Find the 'City' Movie
2
Colored Red Africa Blitz
3
Find the US States - No Outlines Minefield
4
5x2 Blitz: Bands
5
The Countries of the World
6
Find the US States
7
US States
8
9x9 Crossword: Cartoon Network
More Language Quizzes
Blitz! Ends in ...NAUT
Published
Trending Quizzes
Colored Red Europe Blitz I
Colored Red Africa Blitz II
Colored Red Europe Blitz II
Colored Red Africa Blitz III
Colored Red Europe Blitz III
Recently Updated
Famous TV Couples
Peacemaker
Champions League XIs: Real Madrid
pecheneg
Largest US Cities 1790-2010
pecheneg
Rides in Walt Disney World
pecheneg
Most Oscar Losses (Acting)
pecheneg
Beyoncé Albums
pecheneg
Leaping Animals
pecheneg
Reality TV Shows (A-Z)
bhenderson79
Rickey Henderson's Hall of Fame Teammates
pecheneg
Champions League XIs: Arsenal
pecheneg
Trending Topics
Harry Potter
Kpop
Marvel
Disney
Crossword
Anime
NBA
Soccer
Song
Puzzle
NFL
Pokémon
The Office
Country
WWE
Your Account Isn't Verified!
In order to create a playlist on Sporcle, you need to verify the email address you used during registration. Go to your
Sporcle Settings
to finish the process.
Report this User
Report this user for behavior that violates our
Community Guidelines
.
Details:
Send Report
Go to the Sporcle.com Mobile Site →
Comments